01129nab a22002177a 4500003000400000005001700004008004100021040000700062100002300069245009200092260007200184300001300256500003500269505024300304505008500547505008900632650001800721650002800739650002200767773012200789OSt20251209144614.0190502c xxu||||| |||| 00| 0 spa d cPJ aSandhagen, Alberto10aUn comentario a la sentencia de la Corte Suprema en el caso "C." / cAlberto Sandhagen. aCiudad Autónoma de Buenos Aires :bThomson Reuters La Ley,c2025. ap. 61-74 aCita Online: AR/DOC/2136/2025. aSumario: I. Objeto del trabajo.— II. Antecedentes del caso hasta llegar (inclusive) hasta la Corte Suprema.— III. Comentario sobre el caso "C." y la sentencia de la Corte Suprema de Justicia de la Nación.— IV. Reflexiones finales. tFallo comentado: CS ~ 08/05/2025 ~ C., O. C. s/ recurso extraordinario federal. t¿Te interesa el texto completo? Solicitalo al correo: koha@justierradelfuego.gov.ar 0aDERECHO PENAL 0aACCIDENTE DE TRÁNSITO 0aHOMICIDIO CULPOSO0 02729dBuenos Aires : LexisNexis, 2006-tRevista de derecho penal y procesal penal. Nº 10 - Octubre 2025z9875920622